Description de flemmard - logos automobiles - Statistiques

Statistiques générales
  • Ce quiz a été pris 55 fois
  • Le résultat moyen est 9 sur 15
Statistiques - réponses
Hint Réponse % Correct
Cheval Ferrari
100%
Anneaux Audi
86%
Losange Renault
86%
Jaguar Jaguar
84%
Trident Maserati
84%
Taureau Lamborghini
82%
Lion Peugeot
80%
Chevrons Citroën
57%
Etoiles Subaru
55%
Scorpion Abarth
52%
Hélice BMW
43%
Eclair Opel
41%
Etoile Mercedes
39%
Clou Tesla
27%
Losanges Mitsubishi
9%
Aucun quiz correspondant
Distribution des résultats
% des personnes avec chaque résultat
Percentile par nombre de réponses
Votre historique - résultats
Vous n’avez pas pris ce quiz